[Event "Team men HL chess 2018"]
[Site "Sochi"]
[Date "2018.05.07"]
[Round "6.2"]
[White "Zhurikhin, Alexander"]
[Black "Bogachkova, Alena"]
[Result "0-1"]
[WhiteElo "2371"]
[BlackElo "2110"]
[PlyCount "68"]
[EventDate "2018.05.01"]

1. e4 c5 2. Nf3 Nc6 3. Bb5 g6 4. Bxc6 bxc6 5. O-O Bg7 6. Re1 f6 7. c3 Nh6 8. d4
cxd4 9. cxd4 d6 10. h3 Nf7 11. Bf4 e5 12. Bg3 O-O 13. Na3 Be6 14. Qc2 Qb6 15.
dxe5 fxe5 16. b3 a5 17. Nc4 Qc5 18. Rac1 Bh6 19. Nfd2 a4 20. Qd3 Qb4 21. Ne3
axb3 22. axb3 Ra2 23. Ndc4 Rb8 24. Red1 Bxc4 25. Rxc4 Qxb3 26. Ng4 Qxd3 27.
Nxh6+ Kg7 28. Rxd3 Rb1+ 29. Kh2 Kxh6 30. h4 c5 31. Kh3 Kh5 32. f3 Rg1 33. Bh2
Rgxg2 34. Bg3 g5 0-1

[Event "Team men HL chess 2018"]
[Site "Sochi"]
[Date "2018.05.07"]
[Round "6.3"]
[White "Mamedov, Elmin"]
[Black "Aminov, Andrey"]
[Result "1-0"]
[WhiteElo "2179"]
[BlackElo "2296"]
[PlyCount "93"]
[EventDate "2018.05.01"]

1. e4 e5 2. Nf3 Nc6 3. Bc4 Nf6 4. d3 Be7 5. O-O O-O 6. Re1 d6 7. a4 Kh8 8. c3
Ng8 9. a5 a6 10. Nbd2 f5 11. exf5 Bxf5 12. Qb3 Rb8 13. Ne4 h6 14. Be6 Bh7 15.
d4 exd4 16. Nxd4 Ne5 17. c4 c5 18. Nc2 Nf6 19. Ng3 Ne8 20. Ne3 Nc6 21. Bf5 Bg8
22. Bd2 Bf6 23. Bc3 Bxc3 24. Qxc3 Nd4 25. Be4 b5 26. Nef5 Nxf5 27. Nxf5 bxc4
28. Nxh6 Qf6 29. Nxg8 Qxc3 30. bxc3 Kxg8 31. Bd5+ Kh7 32. Bxc4 Nc7 33. Rad1 Rf6
34. Re7 Nb5 35. Rd3 Rf4 36. Rh3+ Kg6 37. Rg3+ Kh6 38. Be2 g6 39. Re6 Rg8 40.
Bd3 Nxc3 41. Rgxg6+ Rxg6 42. Rxg6+ Kh5 43. Rxd6 Ra4 44. g3 c4 45. Bg6+ Kg5 46.
h4+ Kg4 47. Kg2 1-0

[Event "Team men HL chess 2018"]
[Site "Sochi"]
[Date "2018.05.07"]
[Round "6.4"]
[White "Kostin, Alexey"]
[Black "Utiatskaja, Irina"]
[Result "1/2-1/2"]
[WhiteElo "2291"]
[BlackElo "2159"]
[PlyCount "48"]
[EventDate "2018.05.01"]

1. e4 c5 2. Nf3 d6 3. c3 Nf6 4. h3 g6 5. Bd3 Bg7 6. Bc2 O-O 7. O-O Nc6 8. d4
cxd4 9. cxd4 e5 10. d5 Nb4 11. Bb3 Nxe4 12. Qe1 Nxf2 13. Qxf2 Nd3 14. Qe3 e4
15. Ne1 Nxc1 16. Qxc1 Bd4+ 17. Kh1 Qh4 18. Qd2 Be5 19. Qf2 Bg3 20. Qe2 Be5 21.
Qf2 Bg3 22. Qe2 Be5 23. Qf2 Bg3 24. Qe2 Be5 1/2-1/2

[Event "Team men HL chess 2018"]
[Site "Sochi"]
[Date "2018.05.07"]
[Round "6.1"]
[White "Safarian, Armen"]
[Black "Alexeev, Alexey"]
[Result "0-1"]
[WhiteElo "2144"]
[BlackElo "2287"]
[PlyCount "32"]
[EventDate "2018.05.01"]

1. e4 e5 2. Nf3 Nc6 3. Bb5 a6 4. Ba4 Nf6 5. O-O Be7 6. Re1 b5 7. Bb3 O-O 8. Nc3
d6 9. a3 Bg4 10. Nd5 Nd4 11. Nxd4 Bxd1 12. Nc6 Qd7 13. Ncxe7+ Kh8 14. Nxf6 gxf6
15. Nd5 Rg8 16. Rxd1 Rxg2+ 0-1

[Event "Team men HL chess 2018"]
[Site "Sochi"]
[Date "2018.05.07"]
[Round "6.2"]
[White "Truskavetsky, Alexandr"]
[Black "Nazaretyan, Tigran"]
[Result "1-0"]
[WhiteElo "2387"]
[BlackElo "2302"]
[PlyCount "95"]
[EventDate "2018.05.01"]

1. d4 d5 2. Bf4 c5 3. e3 Nc6 4. c3 Qb6 5. Qb3 c4 6. Qc2 Bf5 7. Qxf5 Qxb2 8.
Qxd5 Rd8 9. Qxc4 e5 10. Qb3 Qc1+ 11. Qd1 Qb2 12. Nd2 exf4 13. Rb1 Qxc3 14. Ne2
Qa5 15. Nxf4 Bb4 16. Bc4 Nf6 17. Nd3 Bc3 18. Rb5 Qc7 19. O-O a6 20. Rb1 O-O 21.
Bb3 Ba5 22. Nc4 b5 23. Nce5 Nxe5 24. Nxe5 Ne4 25. Rc1 Nc3 26. Qf3 Rd6 27. Rc2
Rf6 28. Qg4 Qe7 29. Qd7 Re8 30. Qxe7 Rxe7 31. Rfc1 Rc7 32. Kf1 Kf8 33. d5 Rd6
34. Nc6 Rdxc6 35. dxc6 Rxc6 36. Rd1 Ke7 37. Rd4 f5 38. h4 Bb6 39. Rd3 b4 40.
Rcd2 Rc7 41. Rd6 Rb7 42. Re6+ Kf8 43. Rdd6 Bc7 44. Rd7 a5 45. Rc6 Nb5 46. Bc4
Ke8 47. Rxg7 a4 48. Bxb5 1-0

[Event "Team men HL chess 2018"]
[Site "Sochi"]
[Date "2018.05.07"]
[Round "6.3"]
[White "Tenikashvili, Georgij"]
[Black "Pervakov, Sergey"]
[Result "1-0"]
[WhiteElo "2294"]
[BlackElo "2119"]
[PlyCount "57"]
[EventDate "2018.05.01"]

1. d4 Nf6 2. c4 g6 3. Nc3 Bg7 4. Nf3 O-O 5. Bg5 d6 6. e3 c5 7. d5 h6 8. Bh4 g5
9. Bg3 Nh5 10. Bd3 Nxg3 11. hxg3 Qa5 12. Qc2 b5 13. cxb5 a6 14. b6 Nd7 15. Nxg5
Nxb6 16. Bxa6 f5 17. Bxc8 Rfxc8 18. Ne6 Nxd5 19. Rc1 Nxc3 20. bxc3 c4 21. g4
Qd5 22. gxf5 Qxg2 23. Ke2 Qg4+ 24. Kd2 Qf3 25. Rcg1 Qxf2+ 26. Kd1 Qf3+ 27. Qe2
Qd5+ 28. Kc1 Kh7 29. Rxg7+ 1-0

[Event "Team men HL chess 2018"]
[Site "Sochi"]
[Date "2018.05.07"]
[Round "6.4"]
[White "Illina, Natalia"]
[Black "Mumdgan, Suren"]
[Result "0-1"]
[WhiteElo "2146"]
[BlackElo "2116"]
[PlyCount "108"]
[EventDate "2018.05.01"]

1. e4 e6 2. d4 d5 3. Nd2 dxe4 4. Nxe4 Nd7 5. Nf3 Ngf6 6. Bd3 c5 7. O-O Qc7 8.
c3 Be7 9. Qe2 Nxe4 10. Bxe4 O-O 11. Bc2 Bf6 12. Qe4 g6 13. Bh6 Re8 14. Rad1 Bh8
15. Rfe1 Nf6 16. Qe5 Qb6 17. Qxc5 Qxb2 18. Bb3 b6 19. Qc7 Qa3 20. d5 Re7 21.
dxe6 Bxe6 22. Qc6 Rae8 23. Bxe6 Rxe6 24. Rxe6 fxe6 25. Bg5 Qc5 26. Qa4 b5 27.
Qd4 Qxd4 28. Nxd4 Ne4 29. Bd2 Rd8 30. f3 Nxd2 31. Rxd2 b4 32. Rc2 bxc3 33. Nb3
a5 34. Nxa5 Rd2 35. Rc1 c2 36. Nb3 Rd1+ 37. Kf2 Rxc1 38. Nxc1 Bb2 39. Nd3 c1=Q
40. Nxc1 Bxc1 41. a4 Bd2 42. Ke2 Ba5 43. Kd3 Kf7 44. Kc4 Kf6 45. Kb5 Be1 46. a5
Bf2 47. Kc6 h5 48. a6 h4 49. Kb7 Kf5 50. a7 Bxa7 51. Kxa7 Kf4 52. Kb6 h3 53.
gxh3 Kxf3 54. Kc5 e5 0-1

[Event "Team men HL chess 2018"]
[Site "Sochi"]
[Date "2018.05.07"]
[Round "6.1"]
[White "Babarykin, Stanislav"]
[Black "Kozionov, Kirill"]
[Result "0-1"]
[WhiteElo "2379"]
[BlackElo "2452"]
[PlyCount "102"]
[EventDate "2018.05.01"]

1. d4 Nf6 2. Bf4 g6 3. e3 Bg7 4. Nf3 O-O 5. h3 d6 6. Be2 c5 7. c3 Qb6 8. Qb3
Be6 9. Qxb6 axb6 10. a3 Bd5 11. Nbd2 Bc6 12. O-O Nbd7 13. Rfe1 Rfd8 14. Rad1 b5
15. Bh2 Re8 16. e4 Nxe4 17. Nxe4 Bxe4 18. Ng5 Bc2 19. Rd2 Ba4 20. Bf3 h6 21.
Ne4 cxd4 22. cxd4 d5 23. Nc3 e6 24. Be2 Nb6 25. Nxb5 Bxb5 26. Bxb5 Rec8 27. Be5
Bf8 28. Kf1 Ra5 29. Bd3 Nd7 30. Bf4 Bg7 31. a4 Nb6 32. Bb5 g5 33. Bg3 Nc4 34.
Rde2 Bxd4 35. b3 Na3 36. Bd7 Rc3 37. b4 Ra7 38. Rd1 Bg7 39. Ra2 b6 40. Be8 Kf8
41. Bc6 Rxc6 42. Rxa3 Ke8 43. b5 Rc3 44. Ra2 Kd7 45. Rb1 Ra5 46. h4 gxh4 47.
Bxh4 Rc4 48. Bg3 Raxa4 49. Rxa4 Rxa4 50. Ke2 f5 51. Rb3 Ra2+ 0-1

[Event "Team men HL chess 2018"]
[Site "Sochi"]
[Date "2018.05.07"]
[Round "6.2"]
[White "Golubev, Roman"]
[Black "Meshkov, Yuri A"]
[Result "1/2-1/2"]
[WhiteElo "2391"]
[BlackElo "2315"]
[PlyCount "66"]
[EventDate "2018.05.01"]

1. e4 e5 2. Nf3 Nc6 3. Bc4 Nf6 4. d3 Be7 5. c3 O-O 6. Bb3 d6 7. h3 b5 8. a4 b4
9. a5 bxc3 10. bxc3 a6 11. O-O Rb8 12. Nbd2 Be6 13. Bc2 d5 14. Ba4 dxe4 15.
dxe4 Nxa5 16. Nxe5 c5 17. Qe2 Qc7 18. f4 c4 19. Bc2 Bd6 20. Kh1 Bxe5 21. fxe5
Nd7 22. Ba3 Nc5 23. Nf3 Nab3 24. Rad1 Qa5 25. Bb4 Rxb4 26. cxb4 Qxb4 27. Qe3 a5
28. Nh4 Nd7 29. Nf5 Nxe5 30. Qg3 Bxf5 31. Rxf5 f6 32. Rxe5 fxe5 33. Qxe5 Qc5
1/2-1/2

[Event "Team men HL chess 2018"]
[Site "Sochi"]
[Date "2018.05.07"]
[Round "6.3"]
[White "Suslov, Evgeniy"]
[Black "Kuzub, Pavel"]
[Result "1-0"]
[WhiteElo "2305"]
[BlackElo "2033"]
[PlyCount "119"]
[EventDate "2018.05.01"]

1. Nf3 d5 2. g3 g6 3. d4 Bg7 4. Bg2 Nf6 5. c4 c6 6. cxd5 cxd5 7. Nc3 O-O 8. O-O
b6 9. Bf4 Bb7 10. Rc1 Nh5 11. Be3 Nc6 12. Qd2 e6 13. Rfd1 Qe7 14. Bg5 f6 15.
Be3 f5 16. Bg5 Qd7 17. Bh6 Rfd8 18. Bxg7 Qxg7 19. Qe3 Qd7 20. Ne5 Nxe5 21. Qxe5
Rac8 22. h4 Kf7 23. Rd2 Rc6 24. Bf3 Nf6 25. Kg2 Qc7 26. Qe3 Qe7 27. h5 Rc4 28.
Rh1 a6 29. hxg6+ hxg6 30. Rh4 Rg8 31. Qg5 Rcc8 32. Rd1 Rh8 33. Rdh1 Rxh4 34.
Rxh4 Rg8 35. e3 Bc6 36. Ne2 Ne8 37. Qh6 Qf6 38. Rh1 Ke7 39. Qh7+ Rg7 40. Qh8
Qf8 41. Qxf8+ Kxf8 42. Nf4 Kf7 43. Nd3 Bd7 44. Ne5+ Ke7 45. Be2 Nc7 46. g4 Be8
47. g5 Kd6 48. Rh8 Ke7 49. Kg3 Kd6 50. Bxa6 b5 51. Bb7 b4 52. Ba6 Ba4 53. Bd3
Be8 54. Kf3 Ba4 55. Ke2 Be8 56. Kd2 Ba4 57. Kc1 Be8 58. Kd2 Ba4 59. Be2 Be8 60.
Nd3 1-0

[Event "Team men HL chess 2018"]
[Site "Sochi"]
[Date "2018.05.07"]
[Round "6.4"]
[White "Alieva, Alexandra"]
[Black "Draganov, Ruslan"]
[Result "0-1"]
[WhiteElo "2089"]
[BlackElo "2159"]
[PlyCount "96"]
[EventDate "2018.05.01"]

1. e4 c5 2. Nf3 Nc6 3. Bb5 g6 4. O-O Bg7 5. c3 Nf6 6. Qe2 O-O 7. d4 cxd4 8.
cxd4 a6 9. Bc4 d5 10. exd5 Nxd5 11. Nc3 Nb6 12. d5 Na5 13. Bd3 Nxd5 14. Nxd5
Qxd5 15. Be4 Qc4 16. Bd3 Qc7 17. Bg5 Nc6 18. Rac1 e5 19. Be4 Be6 20. Bh4 Bxa2
21. Bg3 f6 22. Qc2 Bf7 23. Nd4 Qb6 24. Nxc6 bxc6 25. Bxc6 Rab8 26. Qa4 Rfd8 27.
Bf3 Rd4 28. Qa3 Bf8 29. Qa1 a5 30. Rc6 Qd8 31. h3 Bd6 32. Re1 Rd2 33. Ra6 Rbxb2
34. Ra8 Rb8 35. Qxa5 Qxa5 36. Rxa5 Rbb2 37. Ra8+ Kg7 38. Ra7 Bc5 39. Rc7 Bb6
40. Rb7 Bd4 41. Rb1 Rxb1+ 42. Rxb1 f5 43. Rd1 Ra2 44. Kh1 Kf6 45. Bh2 Bb3 46.
Rb1 Bc2 47. Re1 e4 48. Be2 Bxf2 0-1

[Event "Team men HL chess 2018"]
[Site "Sochi"]
[Date "2018.05.07"]
[Round "6.1"]
[White "Airapetian, Gor"]
[Black "Pavlov, Oleg"]
[Result "1-0"]
[WhiteElo "2437"]
[BlackElo "2145"]
[PlyCount "85"]
[EventDate "2018.05.01"]

1. d4 e6 2. c4 Nf6 3. Nf3 d5 4. g3 Be7 5. Bg2 O-O 6. O-O dxc4 7. Qc2 a6 8. a4
Bd7 9. Qxc4 Bc6 10. Bg5 b5 11. Qc2 Be4 12. Qc1 Nc6 13. Nc3 Bxf3 14. Bxf3 Nxd4
15. Bxa8 Qxa8 16. Bxf6 Bxf6 17. axb5 Nb3 18. Qc2 Nxa1 19. Rxa1 a5 20. Qa4 Qb7
21. Qxa5 h6 22. Qa7 Rb8 23. Qc5 Bxc3 24. bxc3 Qxb5 25. Qxc7 Qb2 26. Rd1 Rf8 27.
Qc4 Qb7 28. Qd4 Rc8 29. c4 Qb4 30. Rc1 Rc5 31. h4 h5 32. Qd8+ Kh7 33. Qd3+ g6
34. Qc3 Qb6 35. Ra1 e5 36. Qd3 Qc6 37. Rc1 Kg7 38. Qc3 Kg8 39. Kh2 Qe4 40. Qd3
Qc6 41. Rb1 Rxc4 42. Qd8+ Kh7 43. Rb8 1-0

[Event "Team men HL chess 2018"]
[Site "Sochi"]
[Date "2018.05.07"]
[Round "6.2"]
[White "Poliakov, Artem"]
[Black "Grigorjev, Iljya"]
[Result "1/2-1/2"]
[WhiteElo "2105"]
[BlackElo "2318"]
[PlyCount "82"]
[EventDate "2018.05.01"]

1. c4 Nf6 2. Nc3 d5 3. cxd5 Nxd5 4. g3 g6 5. Bg2 Nxc3 6. bxc3 Bg7 7. Rb1 Nd7 8.
h4 Nb6 9. c4 Bd7 10. d3 O-O 11. Bb2 e5 12. Bxb7 Rb8 13. Bg2 Na4 14. Ba1 Rxb1
15. Qxb1 Qb8 16. Qxb8 Rxb8 17. Kd2 e4 18. Bxg7 Kxg7 19. Bxe4 Rb2+ 20. Ke3 Nc3
21. Bf3 f5 22. Bd5 c6 23. Kd4 Nxe2+ 24. Nxe2 Rxe2 25. Bf3 Rxf2 26. Rb1 Rxf3 27.
Rb7 c5+ 28. Kc3 Rxg3 29. Rxd7+ Kf6 30. Rxh7 f4 31. Rxa7 f3 32. Ra8 Kf5 33. Rf8+
Kg4 34. a4 Rg1 35. Rf6 Ra1 36. Rxg6+ Kxh4 37. Rf6 Kg3 38. Rg6+ Kh2 39. Rh6+ Kg2
40. Rg6+ Kh2 41. Rh6+ Kg2 1/2-1/2

[Event "Team men HL chess 2018"]
[Site "Sochi"]
[Date "2018.05.07"]
[Round "6.3"]
[White "Grachev, Andrey"]
[Black "Mutovin, Egor"]
[Result "1-0"]
[WhiteElo "2189"]
[BlackElo "1929"]
[PlyCount "119"]
[EventDate "2018.05.01"]

1. e4 e6 2. d4 d5 3. e5 c5 4. c3 Nc6 5. Nf3 Qb6 6. a3 Nh6 7. b4 cxd4 8. cxd4
Nf5 9. Bb2 Bd7 10. Be2 Na5 11. Nbd2 Nc4 12. Nxc4 dxc4 13. O-O Rc8 14. Rc1 Qa6
15. d5 g6 16. d6 h5 17. Nd2 b5 18. Ne4 Bg7 19. a4 Qb6 20. Nc5 a5 21. axb5 Qxb5
22. Rxc4 axb4 23. Rc1 Qxc5 24. Rxc5 Rxc5 25. Qa1 O-O 26. Bd3 Rfc8 27. Qa7 Bb5
28. d7 Bxd7 29. Qxd7 R8c7 30. Qe8+ Bf8 31. Bxf5 gxf5 32. Qd8 Rc2 33. Bd4 b3 34.
Qb8 R2c4 35. Bb2 h4 36. Qxb3 Rb4 37. Qa3 Rc2 38. Ba1 Rb1 39. Qe3 Rb4 40. Qg5+
Kh7 41. Qh5+ Kg8 42. h3 Bc5 43. Qd1 Rbc4 44. Qd8+ Kh7 45. Qf6 Kg8 46. Rd1 Bxf2+
47. Kh2 Bg3+ 48. Kh1 Rc8 49. Bd4 f4 50. Qg5+ Kh7 51. Qh5+ Kg7 52. Qg5+ Kh7 53.
Qe7 Kg7 54. Qa3 R8c4 55. Bb6 R4c3 56. Qe7 Rc8 57. Qg5+ Kf8 58. Ba5 R8c4 59. Qh5
Kg7 60. Bd8 1-0

[Event "Team men HL chess 2018"]
[Site "Sochi"]
[Date "2018.05.07"]
[Round "6.4"]
[White "Zhukov, Ivan"]
[Black "Ajrapetian, Gevorg"]
[Result "1-0"]
[WhiteElo "2097"]
[BlackElo "2398"]
[PlyCount "127"]
[EventDate "2018.05.01"]

1. e4 c5 2. Nf3 e6 3. d4 cxd4 4. Nxd4 a6 5. Bd3 Nf6 6. O-O Qc7 7. c4 b6 8. a3
Bb7 9. Nc3 d6 10. Be3 Be7 11. f3 Nbd7 12. Rc1 O-O 13. Be2 Rac8 14. Qd2 Qb8 15.
Rfd1 Bd8 16. Qe1 Bc7 17. Kh1 Kh8 18. b4 Rg8 19. Nb3 g5 20. Na4 g4 21. Qh4 Rg6
22. c5 gxf3 23. gxf3 bxc5 24. bxc5 Bxe4 25. Nb6 Bxb6 26. cxb6 Rxc1 27. Rxc1 Bd5
28. Nd2 Nc5 29. Bxc5 dxc5 30. Bd3 Kg7 31. Bxg6 hxg6 32. Rb1 Nd7 33. Qf2 Bb7 34.
Qe3 Qd6 35. Nc4 Qd4 36. Qxd4+ cxd4 37. Kg2 Bd5 38. Nd6 Kf6 39. b7 Nb8 40. Kf2
e5 41. Nc8 e4 42. fxe4 Bxe4 43. Rb6+ Ke5 44. Nd6 Bd5 45. Ne8 Bc6 46. Nc7 Be4
47. a4 Bd3 48. a5 Be4 49. h4 Bd3 50. Ke1 Bc4 51. Kd2 Bf1 52. Ke1 Bd3 53. Kd2
Bf1 54. Ne8 Bh3 55. Nd6 Be6 56. Kd3 Kd5 57. Ne8 Bf5+ 58. Kd2 Kc5 59. Nc7 Be4
60. Nxa6+ Nxa6 61. b8=Q Nxb8 62. Rxb8 Kc6 63. a6 Kc7 64. a7 1-0

[Event "Team men HL chess 2018"]
[Site "Sochi"]
[Date "2018.05.08"]
[Round "7.1"]
[White "Goryachkina, Aleksandra"]
[Black "Panarin, Mikhail"]
[Result "1/2-1/2"]
[WhiteElo "2496"]
[BlackElo "2551"]
[PlyCount "40"]
[EventDate "2018.05.01"]

1. d4 Nf6 2. c4 e6 3. g3 c5 4. d5 exd5 5. cxd5 d6 6. Nc3 g6 7. Nf3 Bg7 8. Bg2
O-O 9. O-O Re8 10. Re1 Na6 11. h3 Ne4 12. Nxe4 Rxe4 13. Nd2 Re8 14. a4 Nb4 15.
Nc4 b6 16. Bf4 Bf8 17. Na3 Bg7 18. Nc4 Bf8 19. Na3 Bg7 20. Nc4 Bf8 1/2-1/2

[Event "Team men HL chess 2018"]
[Site "Sochi"]
[Date "2018.05.08"]
[Round "7.2"]
[White "Zakaryan, David"]
[Black "Potapov, Pavel"]
[Result "1/2-1/2"]
[WhiteElo "2398"]
[BlackElo "2492"]
[PlyCount "34"]
[EventDate "2018.05.01"]

1. e4 c5 2. Nf3 Nc6 3. Nc3 e5 4. Bc4 Be7 5. d3 d6 6. Ng5 Bxg5 7. Qh5 Be7 8.
Qxf7+ Kd7 9. Be6+ Kc7 10. Nd5+ Kb8 11. Bxc8 Kxc8 12. Qxg7 Bf6 13. Qf7 Qd7 14.
Qf8+ Qd8 15. Qf7 Qd7 16. Qf8+ Qd8 17. Qf7 Qd7 1/2-1/2

[Event "Team men HL chess 2018"]
[Site "Sochi"]
[Date "2018.05.08"]
[Round "7.3"]
[White "Belyakov, Bogdan"]
[Black "Oganian, Miran"]
[Result "1/2-1/2"]
[WhiteElo "2479"]
[BlackElo "2422"]
[PlyCount "83"]
[EventDate "2018.05.01"]

1. e4 c5 2. c3 d5 3. exd5 Qxd5 4. d4 Nc6 5. Nf3 Bf5 6. Be2 cxd4 7. cxd4 Bxb1 8.
Rxb1 e6 9. O-O Bd6 10. b4 Nf6 11. b5 Ne7 12. a4 O-O 13. Bb2 Ng6 14. Ne5 Nh4 15.
Nf3 Ng6 16. g3 Qf5 17. Qd3 Qxd3 18. Bxd3 Bb4 19. Ne5 Rfd8 20. Rfc1 Nxe5 21.
dxe5 Rxd3 22. exf6 Rb3 23. fxg7 Rxb2 24. Rxb2 Ba3 25. Rbc2 Bxc1 26. Rxc1 Rd8
27. Rc7 Rd4 28. a5 Ra4 29. Rxb7 Rxa5 30. g4 Kxg7 31. Kg2 Ra3 32. f3 a5 33. Ra7
a4 34. b6 Rb3 35. b7 a3 36. h4 a2 37. Rxa2 Rxb7 38. Kg3 Rb4 39. Ra5 h6 40. Rc5
Ra4 41. Rb5 Rc4 42. Ra5 1/2-1/2

[Event "Team men HL chess 2018"]
[Site "Sochi"]
[Date "2018.05.08"]
[Round "7.4"]
[White "Gochelashvili, David"]
[Black "Savitskiy, Sergey"]
[Result "1-0"]
[WhiteElo "2421"]
[BlackElo "2416"]
[PlyCount "135"]
[EventDate "2018.05.01"]

1. Nf3 Nf6 2. g3 g6 3. b3 Bg7 4. Bb2 O-O 5. Bg2 c5 6. c4 Nc6 7. d4 cxd4 8. Nxd4
Qa5+ 9. Qd2 Qh5 10. Nc3 Rb8 11. h3 Re8 12. Nd5 Nxd5 13. cxd5 Nxd4 14. Bxd4 Bxd4
15. Qxd4 b6 16. Bf3 Qh6 17. h4 Bb7 18. O-O e5 19. Qa4 d6 20. Rac1 a6 21. Rc7 b5
22. Qb4 Qf8 23. Rfc1 Rec8 24. Rxc8 Rxc8 25. Rxc8 Bxc8 26. Qa5 Qe7 27. e3 Kg7
28. Qb6 Qd7 29. Be2 Bb7 30. e4 f5 31. a4 bxa4 32. bxa4 fxe4 33. Bxa6 Bxd5 34.
Bb5 Qe7 35. Bc6 Bxc6 36. Qxc6 Qa7 37. Qxe4 Kf6 38. Qb4 Ke6 39. Qc4+ Ke7 40. Qb5
Kd8 41. a5 Kc7 42. Qc4+ Kb7 43. Qd5+ Ka6 44. Qxd6+ Kxa5 45. Qxe5+ Kb4 46. h5
gxh5 47. Qxh5 Kc3 48. Qd5 Qe7 49. Kg2 Kc2 50. f4 Qe2+ 51. Kh3 Qe7 52. f5 Kb2
53. Qf3 Qf7 54. f6 Ka2 55. g4 Kb2 56. Qe2+ Ka1 57. Qe5+ Ka2 58. Kh4 Kb3 59. Qe7
Qd5 60. f7 Qh1+ 61. Kg5 Qc1+ 62. Kf5 Qf1+ 63. Ke6 Qc4+ 64. Ke5 Qc3+ 65. Kf4
Qd4+ 66. Kf3 Qd1+ 67. Kf2 Qd2+ 68. Qe2 1-0

[Event "Team men HL chess 2018"]
[Site "Sochi"]
[Date "2018.05.08"]
[Round "7.1"]
[White "Rozum, Ivan"]
[Black "Rychagov, Andrey"]
[Result "1-0"]
[WhiteElo "2581"]
[BlackElo "2534"]
[PlyCount "109"]
[EventDate "2018.05.01"]

1. d4 d5 2. c4 e6 3. Nc3 Be7 4. Nf3 Nf6 5. Bf4 O-O 6. e3 Nbd7 7. a3 c5 8. cxd5
Nxd5 9. Nxd5 exd5 10. dxc5 Nxc5 11. Be5 Bf6 12. Bxf6 Qxf6 13. Qd4 Qxd4 14. Nxd4
Bd7 15. g3 Rac8 16. Bg2 Ne6 17. Rd1 Nxd4 18. Rxd4 Rc2 19. Rd2 Rfc8 20. Bxd5 Bg4
21. f3 Rc1+ 22. Rd1 Rxd1+ 23. Kxd1 Rd8 24. fxg4 Rxd5+ 25. Ke2 Kf8 26. Rc1 Rd7
27. g5 Ke7 28. Rc8 Ke6 29. h4 Kf5 30. Kf3 Kg6 31. g4 h6 32. gxh6 gxh6 33. Ke2
Rd6 34. Rc7 Rb6 35. b4 Ra6 36. Rc3 Rd6 37. Rc5 Rd7 38. a4 Kg7 39. a5 Kg6 40.
Kf3 Re7 41. Kf4 Kg7 42. e4 a6 43. Rd5 Re6 44. e5 Rc6 45. Rc5 Re6 46. Rc7 b6 47.
Kf5 bxa5 48. bxa5 h5 49. g5 Rg6 50. Ke4 Re6 51. Kd5 Re8 52. Rd7 Kg8 53. g6 fxg6
54. e6 Kf8 55. Ke5 1-0

[Event "Team men HL chess 2018"]
[Site "Sochi"]
[Date "2018.05.08"]
[Round "7.2"]
[White "Novikov, Stanislav"]
[Black "Lintchevski, Daniil"]
[Result "1-0"]
[WhiteElo "2540"]
[BlackElo "2544"]
[PlyCount "99"]
[EventDate "2018.05.01"]

1. c4 c6 2. d4 d5 3. e3 Bf5 4. Nc3 e6 5. Nf3 Nd7 6. Bd3 Bg6 7. e4 dxe4 8. Bxe4
Bxe4 9. Nxe4 Ngf6 10. Nxf6+ Nxf6 11. O-O Be7 12. Bf4 O-O 13. Qe2 Qa5 14. b3 Qf5
15. Qe5 Qxe5 16. dxe5 Ne4 17. Rfe1 Nc5 18. Red1 Rfd8 19. Be3 a5 20. Kf1 Kf8 21.
Ke2 Ke8 22. Rxd8+ Rxd8 23. Rd1 Rxd1 24. Kxd1 a4 25. Kc2 axb3+ 26. axb3 Nd7 27.
Kd3 Nc5+ 28. Bxc5 Bxc5 29. Nd4 Kd7 30. f4 h5 31. Ne2 Be7 32. Ng3 g6 33. Ne4 c5
34. Ke3 Kc6 35. Kd3 Kb6 36. g3 Kc6 37. h3 Kb6 38. Kc3 Ka5 39. Nf2 f5 40. exf6
Bxf6+ 41. Kc2 e5 42. Nd3 exf4 43. gxf4 Bd4 44. Kd2 b5 45. Ne5 Bg1 46. Kc2 Kb4
47. Nc6+ Ka3 48. cxb5 Bh2 49. Ne5 g5 50. Nc4+ 1-0

[Event "Team men HL chess 2018"]
[Site "Sochi"]
[Date "2018.05.08"]
[Round "7.3"]
[White "Moiseenko, Vadim"]
[Black "Obolentseva, Alexandra"]
[Result "1/2-1/2"]
[WhiteElo "2522"]
[BlackElo "2316"]
[PlyCount "91"]
[EventDate "2018.05.01"]

1. d4 Nf6 2. Nf3 g6 3. Bf4 Bg7 4. e3 O-O 5. Nbd2 d6 6. h3 c5 7. c3 Nbd7 8. Be2
Re8 9. Bh2 b6 10. O-O Bb7 11. a4 a6 12. Qb3 h6 13. Rfe1 Rb8 14. Qa2 Rf8 15. Bf1
Ne8 16. Rad1 b5 17. e4 Qb6 18. Bg3 Rd8 19. Nb3 Nef6 20. Nbd2 Nh5 21. Bh2 cxd4
22. cxd4 Bxd4 23. Nxd4 Qxd4 24. axb5 axb5 25. Bxb5 Qb6 26. Bf1 Nhf6 27. Bf4 Ra8
28. Qb1 g5 29. Nc4 Qb3 30. e5 Be4 31. Qc1 dxe5 32. Nxe5 Rfc8 33. Bc4 gxf4 34.
Bxb3 Rxc1 35. Nxd7 Rxd1 36. Nxf6+ exf6 37. Bxd1 Bd5 38. Bg4 Rb8 39. Rd1 Be6 40.
Rd2 Bxg4 41. hxg4 Kg7 42. Kf1 Kg6 43. Ke2 Kg5 44. f3 f5 45. gxf5 Kxf5 46. Kf2
1/2-1/2

[Event "Team men HL chess 2018"]
[Site "Sochi"]
[Date "2018.05.08"]
[Round "7.4"]
[White "Yeritsyan, Aram"]
[Black "Smirnov, Artem"]
[Result "1/2-1/2"]
[WhiteElo "2332"]
[BlackElo "2400"]
[PlyCount "93"]
[EventDate "2018.05.01"]

1. e4 c5 2. Nf3 d6 3. d4 cxd4 4. Nxd4 Nf6 5. Nc3 g6 6. Be3 Bg7 7. f3 Nc6 8. Qd2
O-O 9. O-O-O d5 10. Qe1 e5 11. Nxc6 bxc6 12. exd5 Nxd5 13. Bc4 Be6 14. Kb1 Rb8
15. Ne4 Qc7 16. Bc5 Rfd8 17. g4 h6 18. h4 f5 19. gxf5 gxf5 20. Ng3 Qf7 21. Bb3
Kh7 22. Rg1 Rd7 23. Ne2 Rbd8 24. Qf2 a5 25. c3 Nc7 26. Rxd7 Rxd7 27. f4 Bxb3
28. axb3 Ne6 29. fxe5 Bxe5 30. Qe3 Nxc5 31. Qxc5 Qd5 32. Qxd5 cxd5 33. Kc2 f4
34. Kd3 f3 35. Nd4 f2 36. Rf1 Rf7 37. Ke3 Bg3 38. h5 Kg7 39. Nc6 Rf5 40. Nd4
Rf6 41. c4 dxc4 42. bxc4 a4 43. Ke4 Rf4+ 44. Ke3 Rf7 45. Ke4 Rf4+ 46. Kd3 Rf7
47. Ke4 1/2-1/2

[Event "Team men HL chess 2018"]
[Site "Sochi"]
[Date "2018.05.08"]
[Round "7.1"]
[White "Tregubov, Pavel V"]
[Black "Levin, Evgeny A"]
[Result "0-1"]
[WhiteElo "2578"]
[BlackElo "2528"]
[PlyCount "116"]
[EventDate "2018.05.01"]

1. c4 Nf6 2. Nc3 e6 3. e4 d5 4. e5 d4 5. exf6 dxc3 6. bxc3 Qxf6 7. Bd3 Bd6 8.
Nf3 O-O 9. O-O Nd7 10. Re1 h6 11. Bc2 c5 12. d4 Rd8 13. Qd3 Nf8 14. Nd2 Qh4 15.
g3 Qe7 16. Qf3 cxd4 17. cxd4 Bb4 18. d5 Qc7 19. Rb1 Ba5 20. Bb3 Nh7 21. Qd3 b5
22. Bc2 Nf8 23. Rxb5 Ba6 24. Rxa5 Qxa5 25. d6 Rac8 26. Rd1 Qc5 27. Ba3 Bxc4 28.
Qc3 Qb5 29. Rb1 Qa6 30. Qe3 Bxa2 31. Rb2 Bd5 32. h4 Rb8 33. Bd3 Qa4 34. Rc2 Bb3
35. Nxb3 Rxb3 36. Bc5 Rc8 37. Qd2 Nd7 38. Be3 Qa1+ 39. Kg2 Rxc2 40. Bxc2 Rb8
41. Qd3 Nf8 42. Qc4 Qa5 43. Be4 Nd7 44. Bb7 Qd8 45. Qc7 Nb6 46. Bc5 Qe8 47. Kh2
Qd8 48. Kg2 Nd5 49. Bxd5 exd5 50. Qxa7 Rc8 51. Bb4 Rc6 52. Qa4 Qd7 53. Qb5 d4
54. Qd5 Rb6 55. Bc5 Rb5 56. Kh2 d3 57. Qa8+ Kh7 58. Ba3 Qf5 0-1

[Event "Team men HL chess 2018"]
[Site "Sochi"]
[Date "2018.05.08"]
[Round "7.2"]
[White "Duzhakov, Ilya"]
[Black "Gluhovsky, Mark"]
[Result "1-0"]
[WhiteElo "2415"]
[BlackElo "2312"]
[PlyCount "89"]
[EventDate "2018.05.01"]

1. e4 c5 2. Nf3 Nc6 3. d4 cxd4 4. Nxd4 e5 5. Nb5 d6 6. N1c3 a6 7. Na3 Be7 8.
Nc4 b5 9. Ne3 Nf6 10. g3 h5 11. Bg2 Nd4 12. O-O Be6 13. Ncd5 Nxd5 14. exd5 Bd7
15. Qd3 b4 16. c3 Bb5 17. c4 Bd7 18. b3 Qc8 19. Bb2 Bf6 20. Bxd4 exd4 21. Nc2
Bf5 22. Be4 Bg4 23. Nxb4 h4 24. Nc6 Kf8 25. b4 Qd7 26. a4 Re8 27. b5 a5 28. b6
g6 29. Nxa5 Kg7 30. Nc6 Rxe4 31. Qxe4 Bf5 32. Qf3 Bg4 33. Qf4 Be2 34. Rfe1 Bxc4
35. b7 hxg3 36. b8=Q gxh2+ 37. Kh1 Bxd5+ 38. f3 Rh4 39. Qg3 Qxc6 40. Ra3 Rh5
41. Qbxd6 Qc2 42. a5 d3 43. Qgf4 Bb2 44. Rxd3 Qf2 45. Qg3 1-0